Statistics for Golden State Warriors NBA Awards Winners

Click here to take the quiz!

General Stats

  • This quiz has been taken 507 times
  • The average score is 8 of 15

Answer Stats

Player% Correct
Stephen Curry
100%
Kevin Durant
96%
Wilt Chamberlain
96%
Draymond Green
95%
Andre Iguodala
92%
Rick Barry
81%
Steve Kerr
81%
Monta Ellis
45%
Chris Webber
39%
Mitch Richmond
32%
Don Nelson
16%
Gilbert Arenas
16%
Jamaal Wilkes
10%
Alex Hannum
4%
Woody Sauldsberry
4%

Score Distribution

Percentile by Number Answered

Percent of People with Each Score

Your Score History

You have not taken this quiz